Identification of control plants
שמור ב:
| מחבר ראשי: | |
|---|---|
| פורמט: | ספר |
| שפה: | אנגלית |
| יצא לאור: |
Amsterdam, Holanda
Elsevier Scientific
1980
|
| סדרה: | Studies in Automation and Control.
3 |
| נושאים: | |
| תגים: |
הוספת תג
אין תגיות, היה/י הראשונ/ה לתייג את הרשומה!
|
MARC
| LEADER | 00000nam a2200000 a 4500 | ||
|---|---|---|---|
| 001 | UCU6775 | ||
| 003 | CL-VaPUC | ||
| 005 | 20230629131652.0 | ||
| 008 | 960621e19800000NE |||||||||||||||||eng|d | ||
| 999 | |c 249592 |d 249590 | ||
| 040 | |c Pontificia Universidad Católica de Valparaíso | ||
| 082 | 0 | 4 | |a 629.8 BUB 1980 |2 21 |
| 100 | 0 | |a Bubnicki, Zdzislaw |9 365157 | |
| 245 | 1 | 0 | |a Identification of control plants |
| 260 | 0 | 3 | |a Amsterdam, Holanda |b Elsevier Scientific |c 1980 |
| 300 | |a 312 páginas | ||
| 490 | 0 | |a Studies in Automation and Control. |v 3 | |
| 583 | |a last modification |c 19960621 00:00:00 |k Rodrigo Vera | ||
| 650 | 0 | |a Control automático |9 259890 | |
| 650 | 0 | |a Algoritmos |9 260639 | |
| 650 | 0 | |a Ecuaciones diferenciales |9 260083 | |
| 650 | 0 | |a Teoría de probabilidades |9 336944 | |
| 942 | |c BK |2 ddc | ||
| 945 | |d 19960621 00:00:00 |a paguirre | ||
| 952 | |0 0 |1 0 |2 ddc |4 0 |6 629_800000000000000_BUB_1980 |7 0 |8 A |9 266910 |a BIBING |b BIBING |d 2019-11-19 |i 1691112 |o 629.8 BUB 1980 |p 1691112 |r 2025-01-20 |t 1 |w 2019-11-19 |y BK |k EIE | ||